000 00379nam a22001457a 4500
005 20250904142506.0
008 250904b |||||||| |||| 00| 0 eng d
020 _a978-93-7473-748-4
041 _aeng
100 _aGUPTA, SEEMA AND VERMA, MRS USHA
_98661
245 _aPHARMACY LAW AND ETHICS
260 _aDELHI
_bAITBS PUBLISHERS INDIA
_c2026
300 _a122;P
942 _cBK
999 _c8788
_d8786